Sports Quiz

Random Sports or Golf Quiz

Parts of a Golf Course Quiz Stats

 Plays Quiz Updated Jun 22, 2015

Also try: Golf Scoring
Challenge
Share
Tweet
Score 0/9 Timer 04:00
1 Play Today
% Correct
Green
98.6%
Bunker
96.9%
Cup
95.3%
Water Hazard
94.5%
Fairway
93.8%
Rough
92.6%
Tee Box
91.5%
Out of Bounds
88%
Fringe
73.5%

You're not logged in!

Compare scores with friends on all Sporcle quizzes.
Join for Free
OR
Log In

You Might Also Like...

Show Comments

Extras

Top Quizzes Today


Score Distribution

Your Account Isn't Verified!

In order to create a playlist on Sporcle, you need to verify the email address you used during registration. Go to your Sporcle Settings to finish the process.

Report this User

Report this user for behavior that violates our Community Guidelines.

Details: